000 00428nam a2200157Ia 4500
003 LK-CoDNM
008 010623t1921 xxu||||| |||| 00| 1 sin d
040 _aLK-CoDNM
_dLK-CoDNM
_eLK-CoDNM
041 _asin
080 _a104 C 8
245 _aශ්‍රි මහා බෝධි වන්දනාව
246 _aSri Maha Bhodhi Vandanaawa
260 _bVidya Bhusana
_aColombo
_c1921
300 _b8p, 21 cm
942 _cBK
999 _c90802
_d90802